000 01031nam a2200265Ia 4500
003 OSt
005 20220923211243.0
006 a|||||r|||| 00| 0
007 ta
008 220922b |||||||| |||| 00| 0 san d
020 _a9788177022469
_c500
024 _a263,032
037 _b239, 30/09/2011, Eastern Book Linkers
_cTextual
040 _aARTS
_cARTS
_bsan
041 _2san
_asan
082 _aO15,1L93,HK, Q1
100 _aपाण्डेय, स्वामीनाथ
245 0 _aहरिभक्तिकुमुदाकर
_b सम्पादन एवं समीक्षण
246 _aHaribhaktikumudākara: sampādan evan samīkṣhaṇa
260 _aदिल्ली
_b प्रतिभा प्रकाशन
_c2011
300 _a191पृ0
_ccm.
650 _aसंस्कृत साहित्य
942 _hO15,1L93,HK, Q1
_cTEXL
_2CC
999 _c297731
_d297731